Rast konkurenčnej výkonnosti a úspešná transformácia

Časovanie hospodárskej politiky. Priame zahraničné investície. Aký vlastnícky vzťah a perspektívu majú eximbanky vo všeobecnosti? Iluzórna všemocnosť trhu.

Guardado en:
Detalles Bibliográficos
Autor principal: Baláž, Peter
Formato: Capítulo de libro
Lenguaje:eslovaco
Materias:
Etiquetas: Agregar Etiqueta
Sin Etiquetas, Sea el primero en etiquetar este registro!

MARC

LEADER 00000naa a2200000 4500
001 r041821
005 20230801100045.8
041 0 |a slo 
044 |a SK 
245 1 0 |a Rast konkurenčnej výkonnosti a úspešná transformácia  |c Peter Baláž 
520 |a Časovanie hospodárskej politiky. Priame zahraničné investície. Aký vlastnícky vzťah a perspektívu majú eximbanky vo všeobecnosti? Iluzórna všemocnosť trhu. 
610 2 0 |a politika hospodárska 
610 2 0 |a investície priame zahraničné 
610 2 0 |a eximbanky 
610 2 0 |a trh 
610 2 0 |a Slovensko 
100 1 |a Baláž, Peter